La guerre froide - Culture Generale - Statistiques

Statistiques générales
  • Ce quiz a été pris 1 557 fois
  • Le résultat moyen est 12 sur 20
Statistiques - réponses
Hint Réponse % Correct
En quelle année a commencé la Guerre froide ? 1947
95%
Quel mur est devenu le symbole de la division entre l'Est et l'Ouest ? Mur de Berlin
95%
Quel plan économique américain visait à reconstruire l’Europe après la Seconde Guerre mondiale ? Plan Marshall
86%
En quelle année l'Union soviétique s'est-elle officiellement dissoute ? 1991
82%
Comment s’appelle l’alliance militaire formée par les États-Unis et leurs alliés en 1949 ? OTAN / NATO / Organisation du Traité de l'Atlantique Nord
79%
Quel pays européen est resté neutre pendant la Guerre froide, bien qu'il soit entouré par des membres de l'OTAN et du Pacte de Varsovie ? Suisse
79%
Quel était le nom du conflit de 1950 à 1953 qui a opposé le Nord communiste et le Sud soutenu par les Nations unies ? Guerre de Corée
74%
Comment s’appelait la ligne symbolique qui divisait l’Europe entre l’Ouest capitaliste et l’Est communiste ? Rideau de fer
66%
Quelle guerre a duré de 1955 à 1975 et est souvent vue comme un échec pour les États-Unis ? Guerre du Vietnam
65%
Quel est le nom du programme spatial soviétique qui a lancé le premier satellite artificiel en 1957 ? Spoutnik
65%
Quelle course technologique a opposé les États-Unis et l'URSS dans les années 1950-1960 ? Course à l’espace
63%
Quel leader soviétique a introduit les politiques de "glasnost" et "perestroïka" ? Mikhaïl Gorbatchev
61%
Quelle alliance militaire a été créée en 1955 par l’URSS et ses alliés ? Pacte de Varsovie
61%
Quel événement de 1948-1949 a vu les États-Unis organiser un pont aérien pour ravitailler une ville allemande ? blocus de Berlin / pont aérien de Berlin
54%
Quel président américain a démissionné en 1974 à la suite du scandale du Watergate ? Richard Nixon
54%
Quel était le nom de la doctrine américaine visant à endiguer l’expansion du communisme? Doctrine Truman
48%
Quel président américain a lancé le programme "Star Wars" en 1983 ? Ronald Reagan
44%
Quelle crise diplomatique majeure a éclaté à Cuba en octobre 1962 ? Crise des missiles de Cuba
34%
Quel accord signé en 1972 visait à limiter les armes nucléaires stratégiques entre les États-Unis et l'URSS ? Accords SALT (Strategic Arms Limitation Talks)
22%
Quel traité de 1968 visait à empêcher la prolifération des armes nucléaires ? traité de non-prolifération nucléaire / TNP
13%
Aucun quiz correspondant
Distribution des résultats
% des personnes avec chaque résultat
Percentile par nombre de réponses
Votre historique - résultats
Vous n’avez pas pris ce quiz